Devine le joueur de foot — Spécial Premier League - Statistiques

Statistiques générales
  • Ce quiz a été pris 116 fois
  • Le résultat moyen est 14 sur 20
Statistiques - réponses
Par images Réponse % Correct
Mohamed Salah
100%
Erling Haaland
99%
Alisson Ramsés Becker
93%
Anthony Gordon
89%
Eberechi Eze
89%
Ben White
87%
Pedro Neto
84%
Lisandro Martínez
78%
Benoît Badiashile
76%
Dominic Solanke
72%
Milos Kerkez
72%
Anthony Elanga
68%
José Sá
66%
Lewis Dunk
52%
Sven Botman
48%
Bafodé Diakité
47%
João Palhinha
46%
Wilson Isidor
45%
Wilson Odobert
25%
Amine Adli
20%
Aucun quiz correspondant
Distribution des résultats
% des personnes avec chaque résultat
Percentile par nombre de réponses
Votre historique - résultats
Vous n’avez pas pris ce quiz